=LDR 00000nam 2200000 4500 =001 INLIS000000000014125 =005 20230221024100 =035 ##$$a 0010-061300000014125 =008 230221################g##########0#ind## =041 ##$$a ind =082 ##$$a 610.69 =090 ##$$a 610.69, Buk b =245 ##$$a Buku acuan nasional pelayanan kesehatan maternal dan neonatal /$c Editor, Abdul Bari Saifuddin =260 ##$$a Jakarta :$b Yayasan Bina Pustaka,$c 2002 =300 ##$$a xxiv, 608 hlm, : $b Ilus, ; $c 24 cm =650 #4$$a Personalia media =700 #$$a Saifuddin, Abdul Bari =850 ##$$a NBPNMAT =020 ##$$a 979-8150-05-8 =084 ##$$a 610.69 BUK b =250 ##$$a Ed.1 Cet. 3 =990 ##$$a 0001/BPAP-NTB/20142015 =990 ##$$a 0001/BPAP-NTB/2015 =990 ##$$a 3200500676 =990 ##$$a 30502462 =990 ##$$a 0001/BPAP-NTB/20142015 =990 ##$$a 0001/BPAP-NTB/2015 =990 ##$$a 10408300 =990 ##$$a 0001/BPAP-NTB/20142015 =990 ##$$a 30502462 =990 ##$$a 10408303 =990 ##$$a 10408300 =990 ##$$a 30502462